| 000 | 00860nam a2200241 i 4500 | ||
|---|---|---|---|
| 003 | IT-RoINE | ||
| 005 | 20170606053437.0 | ||
| 008 | 050603s2004 sp | r ||| ||spa d | ||
| 020 | _a8486942608 | ||
| 040 |
_aSpMaBN _bspa _cSpMaBN IT-RoINE _erdc _dIT-RoINE |
||
| 245 | 0 | 0 |
_aMaría Zambrano : _braíces de la cultura española / _cJ.F. Ortega Muñoz ... [et al.] |
| 260 |
_aMadrid : _bFundación Fernando Rielo, _c[2004] |
||
| 300 |
_a362 p. ; _c21 cm. |
||
| 336 |
_2rdacontent _atext |
||
| 337 |
_2rdamedia _aunmediated |
||
| 338 |
_2rdacarrier _avolume |
||
| 490 | 1 |
_aBiblioteca de humanidades ; _v2 |
|
| 504 | _aIncluye referencias bibliográficas en notas. | ||
| 600 | 1 | 4 |
_aZambrano, María, _d1904-1991 _917962 |
| 700 | 1 |
_aOrtega Muñoz, Juan Fernando _935261 |
|
| 830 | 0 |
_935262 _aBiblioteca de humanidades (Fundación Fernando Rielo) _v2 |
|
| 942 | _cMTS | ||
| 999 |
_c17711 _d17711 |
||